000 00276nam a22001217a 4500
082 _a894.812
_bNKM/B
100 _aMRS.N.K.M
245 _aBAKSHANAM AAROGYATHINU
260 _aKOZHIKODE
_bASHRAFI BOOK CENTRE
_c2001
300 _a95
650 _aFOOD FOR LIFE
_zKERALA
942 _cBK
999 _c980
_d980